000 03092nam0a2200421 4500
001 RU\NLR\bibl\1999591
005 20260408110338.0
010 _a978-5-9960-0081-4
_9100
021 _aRU
_b2013-4083
_9283
035 _a(NLR Aleph) 001987908
090 _a4183348
_c4183348
100 _a20130212d2012 |||y0rusy50 ca
101 0 _arus
102 _aRU
105 _ay z 100yy
200 1 _aРевитализация культурного наследия народов России: опыт, проблемы, перспективы
_eматериалы Всероссийской научно-практической конференции "Возрождение, сохранение и трансляция культурного наследия народов России в современном этнокультурном пространстве" [в рамках Всероссийского открытого фестиваля-конкурса традиционной художественной культуры "Этномириада", 21 октября 2012 года
_fотв. ред.: А.Р. Еникеева, к.п.н. и др.]
210 _aКазань
_cКазГУКИ
_d2012
215 _a249 c.
_d29
300 _aВ надзаг.: М-во культуры Рос. Федерации, ФГБОУ ВПО "Казанский гос. ун-т культуры и искусств", Фак. худож. культуры и дизайна
320 _aБиблиогр. в конце докл.
606 1 _aНароды России
_jСъезды, совещания и т.п.
_xКультура
_92195328
_3RU\NLR\AUTH\661319456
606 1 _aМузыкальный фольклор народов России
_jСъезды, совещания и т.п
_92185197
_3RU\NLR\AUTH\6601550131
606 1 _aДекоративно-прикладное искусство
_jСъезды, совещания и т.п
_yРоссия
_92185203
_3RU\NLR\AUTH\6601550133
686 1 _aТ3(2) 0-7я431
686 1 _aТ52(2) я431
686 1 _aЩ313(2)0я431
686 1 _aЩ123(2)я431
702 1 _aЕникеева
_bА. Р.
_gАлсу Рашидовна
_4340
711 1 2 _a"Возрождение, сохранение и трансляция культурного наследия народов России в современном этнокультурном пространстве", всероссийская научно-практическая конференция
_f2012
_eКазань
_3RU\NLR\AUTH\8810246850
_9379518
711 1 2 _a"Этномириада", всероссийский открытый фестиваль-конкурс традиционной художественной культуры
_f2012
_eКазань
_3RU\NLR\AUTH\8810246851
_9379520
801 0 _aRU
_bNLR
_c20130212
_gRCR
801 1 _aRU
_bNLR
_c20130212
942 _cBOOK
980 _aNBR
980 _aNB